Normal view
MARC view
- التصوف الاسلامي-فلسفة اسلامية
Entry Topical Term
001 - CONTROL NUMBER
- control field: 39882
003 - CONTROL NUMBER IDENTIFIER
- control field: JO-AjAnu
005 - DATE AND TIME OF LATEST TRANSACTION
- control field: 20230606080629.0
008 - FIXED-LENGTH DATA ELEMENTS
- fixed length control field: 230606|| aca||aabn | a|a d
040 ## - CATALOGING SOURCE
- Original cataloging agency: JO-AjAnu
- Transcribing agency: JO-AjAnu
150 ## - HEADING--TOPICAL TERM
- Topical term or geographic name entry element: التصوف الاسلامي-فلسفة اسلامية
670 ## - SOURCE DATA FOUND
- Source citation: Work cat.: (JO-AjAnu)20448: النورسي، سعيد، ترجمة الصالحي، احسان قاسم , author 39881, مرشد الشباب للنجاة في يوم الحساب